01361nam a2200241Ia 4500001001100000003001000011008004100021040002500062041001300087100002000100245003400120250001100154260005900165300001200224500026000236501011400496520026000610650003100870942000700901957000600908999004300914952016200957L922-42038IT-CnALBA170116s9999||||xx |||||||||||||| ||und|| aIT-CnALBAcIT-CnALBA aITALIANO aPRAWDIN MICHAEL 0aIL RETAGGIO DI GENGHIZ-KHAN.  a1a ed. a FIRENZEbMARZOCCO CASA EDITRICE c1940 [1° Ed.:1940] a359 p.  aIV CARTINE GEOGRAFICHE. TAVOLE FUORI TESTO. TRADUZIONE DAL TEDESCO. MONGOLI IN EUROPA. ASSALTO GENERALE. KUBILAI. IL MILIONE DI MARCO POLO. FINE DELL'IMPERO. IL REGNO DEGLI JL KHAN. DINASTIA YIAN. L'ORSA D'ORO. TAMERLANO. TERRA TRA DUE IMPERI. IL CAVALIER aSocietà San Paolo EM - Piazza San Paolo, 14 - 12051 ALBA (CN) (non commercial uses only) ® Copyright 2017 aIV CARTINE GEOGRAFICHE. TAVOLE FUORI TESTO. TRADUZIONE DAL TEDESCO. MONGOLI IN EUROPA. ASSALTO GENERALE. KUBILAI. IL MILIONE DI MARCO POLO. FINE DELL'IMPERO. IL REGNO DEGLI JL KHAN. DINASTIA YIAN. L'ORSA D'ORO. TAMERLANO. TERRA TRA DUE IMPERI. IL CAVALIER aBIOGRAFIE, UOMINI ILLUSTRI cBK 71 a47267bSI g Copie: 1 c301006d301006 0010406L_9224203871aALBAbALBAd2017-01-16l0oL922-42038r2017-01-16 00:00:00w2017-01-16yBKz(data import: 16 gennaio 2017) - By Epidotti, Vaglietti.